000 00804cam a22002653a 4500
001 19210
003 PGUSA
005 20140828083416.0
008 060908s2006||||xxu|||||s|||||000 | eng d
040 _aPGUSA
_beng
042 _adc
050 4 _aB
050 4 _aPA
100 1 _aPlato,
_d-428--348
245 1 0 _aFaidoni :
_bPlatonin keskustelma Sokrateen viimeisistä hetkistä ja sielun kuolemattomuudesta
_h[electronic resource] /
_cPlato
260 _bProject Gutenberg,
_c2006
506 _aPublic domain in the USA.
516 _aElectronic text
653 _aImmortality (Philosophy) -- Early works to 1800
700 1 _aCalamnius, J. W.,
_d1838-1891
740 0 _aPhaedo. Finnish
830 0 _aProject Gutenberg
_v19210
856 4 0 _uhttp://www.gutenberg.org/ebooks/19210
942 _cEB
999 _c248465
_d248465